List of countries by population in 1800 - Statistics

General Stats
  • This quiz has been taken 46 times
  • The average score is 6 of 15
Answer Stats
Hint Answer % Correct
49M British Empire | Great Britain
90%
39M France | First French Republic
79%
26M Spanish Empire | Spain
77%
26M Ottoman Empire
74%
35M Russian Empire
56%
23M Habsburg Monarchy | Austria
54%
41M Holy Roman Empire
41%
10M Kingdom of Prussia | Prussia
41%
300M Qing Dynasty
36%
116M Maratha Confederacy
13%
9M Durrani Empire | Afghan Empire | Sadozai Kingdom
10%
16M Joseon
10%
10M Carnatic Sultanate
8%
12M Sikh Empire
8%
29M Tokugawa Shogunate | Tokugawa Japan
8%
No matching quizzes found
Score Distribution
Percent of People with Each Score
Percentile by Number Answered
Your Score History
You have not taken this quiz